Statistics for National Football Teams by Nickname

Click here to take the quiz!

General Stats

  • This quiz has been taken 147 times
  • The average score is 13 of 20

Answer Stats

Nickname Team % Correct
Three LionsEngland
96%
Stars & StripesUnited States
96%
OrangeNetherlands
94%
The BluesFrance
91%
Samurai BlueJapan
90%
The Reggae BoysJamaica
87%
SocceroosAustralia
80%
The Red FurySpain
75%
The Red DevilsBelgium
69%
The Green ArmyIreland
67%
El TricolorMexico
65%
All WhitesNew Zealand
61%
The NavigatorsPortugal
60%
The DragonsWales
55%
The Magical MagyarsHungary
54%
The Sky BlueUruguay
41%
Fennec FoxesAlgeria
33%
The White EaglesPoland
30%
War ElephantsThailand
20%
The MaroonQatar
8%

Score Distribution

Percentile by Number Answered

Percent of People with Each Score

Your Score History

You have not taken this quiz